ARRUPE JESUIT UNIVERSITY

CORONAVIRUS -STOP THE SPREAD - CLEAN,DISINFECT,COVER

Reading the Sermon on the mount : (Record no. 124515)

MARC details
000 -LEADER
fixed length control field 01789cam a22002894a 4500
001 - CONTROL NUMBER
control field 13585687
003 - CONTROL NUMBER IDENTIFIER
control field ARRUPE
005 - DATE AND TIME OF LATEST TRANSACTION
control field 20160330120217.0
008 - FIXED-LENGTH DATA ELEMENTS--GENERAL INFORMATION
fixed length control field 040507s2004 scu b s001 0 eng
010 ## - LIBRARY OF CONGRESS CONTROL NUMBER
LC control number 2004010932
020 ## - INTERNATIONAL STANDARD BOOK NUMBER
International Standard Book Number 1570035539
035 ## - SYSTEM CONTROL NUMBER
System control number (OCoLC)ocm55220437
040 ## - CATALOGING SOURCE
Original cataloging agency DLC
Transcribing agency DLC
Modifying agency YDX
-- PGM
-- DLC
042 ## - AUTHENTICATION CODE
Authentication code pcc
050 00 - LIBRARY OF CONGRESS CALL NUMBER
Classification number BT380.3
Item number .T35 2004
082 00 - DEWEY DECIMAL CLASSIFICATION NUMBER
Classification number 226.9/06
Edition number 22
300 ## - PHYSICAL DESCRIPTION
Dimensions 24 cm.
100 1# - MAIN ENTRY--PERSONAL NAME
Personal name Talbert, Charles H.
9 (RLIN) 11960
245 10 - TITLE STATEMENT
Title Reading the Sermon on the mount :
Remainder of title character formation and decision making in Matthew 5-7 /
Statement of responsibility, etc Charles H. Talbert.
260 ## - PUBLICATION, DISTRIBUTION, ETC. (IMPRINT)
Place of publication, distribution, etc Michigan. :
Name of publisher, distributor, etc Baker Academic,
Date of publication, distribution, etc 2006.
300 ## - PHYSICAL DESCRIPTION
Extent 181 p. ;
504 ## - BIBLIOGRAPHY, ETC. NOTE
Bibliography, etc Includes bibliographical references (p. [149]-160) and indexes.
505 0# - FORMATTED CONTENTS NOTE
Formatted contents note The setting of the Sermon : what is Matthew's relation to Judaism? -- The context of the Sermon : who speaks and to whom? -- The structure of the Sermon : in what order does Jesus speak? -- The functions of the Sermon : character formation and decision making -- Is Matthew a legalist? : enablement of obedience in response to the Sermon -- A portrait of disciples with promises and expectations : Matthew 5:3-16 -- The antitheses with their heading : Matthew 5:17-48 -- True piety : Matthew 6:1-18 -- God and possessions : Matthew 6:19-34 -- Judging--condemnation and discernment : Matthew 7:1-12 -- Exhortations, warnings, and closing : Matthew 7:13-27; 7:28-8:1 -- A précis : Matthew 4:18-8:1.
630 00 - SUBJECT ADDED ENTRY--UNIFORM TITLE
Uniform title Sermon on the mount
General subdivision Criticism, interpretation, etc.
9 (RLIN) 23494
906 ## - LOCAL DATA ELEMENT F, LDF (RLIN)
a 7
b cbc
c orignew
d 1
e ecip
f 20
g y-gencatlg
942 ## - ADDED ENTRY ELEMENTS (KOHA)
Source of classification or shelving scheme Library of Congress Classification
Koha item type Monograph ( Printed materials)
Holdings
Withdrawn status Lost status Source of classification or shelving scheme Damaged status Not for loan Collection code Home library Current library Shelving location Date acquired Total Checkouts Full call number Barcode Date last seen Price effective from Koha item type
    Library of Congress Classification     Main Collection ARRUPE LIBRARY ARRUPE LIBRARY Main Collection 30/03/2016   BT380.3 .T35 2006 46500007056 30/03/2016 30/03/2016 Monograph ( Printed materials)

 

Arrupe Library. PO Box MP320 Mt Pleasant, Harare, Zimbabwe
263 242 745411|librarian@aju.ac.zw